000 00258nam a2200109Ia 4500
008 230320s9999||||xx |||||||||||||| ||spa||
082 _a410/S31
100 _aSchimidely, Jack
245 0 _aDe Una A Cuatro Lenguas :
260 _bArco libros
942 _80
_cLIB
999 _c46530
_d46530